| 000 | 00436nam a22001577a 4500 | ||
|---|---|---|---|
| 003 | OSt | ||
| 008 | 230225b |||||||| |||| 00| 0 eng d | ||
| 041 | _amal | ||
| 082 |
_a494.812 _bGOP/BH |
||
| 100 |
_aGopalakrishnan _95401 |
||
| 245 |
_aBharanabhasha: Akavum puravum _bഭരണഭാഷ : അകവും പുറവും |
||
| 250 | _I2nd | ||
| 260 |
_aThiruvananthapuram _CChintha Publishers _c2020 |
||
| 300 | _a96 | ||
| 942 | _cBK | ||
| 999 |
_c17643 _d17643 |
||